Библиография Победы

“Убежден: опыт солидарности, партнерства в годы борьбы с общей угрозой — это наше бесценное наследие, прочная опора именно сейчас, когда набирает силу необратимое движение к более справедливому многополярному миру, основанному на принципах доверия и неделимой безопасности, равных возможностей для самобытного и свободного развития всех стран и народов.”

В.В. Путин

Проблема защиты мира и международной безопасности (Запись № 23080)

Подробности
000 -МАРКЕР
контрольное поле 01297nam0a22003011 4500
001 - ИДЕНТИФИКАТОР ЗАПИСИ
контрольное поле rc\3020233
005 - ИДЕНТИФИКАТОР ВЕРСИИ
контрольное поле 20250806201346.0
035 ## - ДРУГИЕ СИСТЕМНЫЕ НОМЕРА
Идентификатор записи (NLR Aleph) 007162355
100 ## - ДАННЫЕ ОБЩЕЙ ОБРАБОТКИ
Данные общей обработки 20110927d1944 u y0rusy50 ca
101 0# - ЯЗЫК РЕСУРСА
Язык текста, звукозаписи и т.д. русский
102 ## - СТРАНА ПУБЛИКАЦИИ ИЛИ ПРОИЗВОДСТВА
Страна публикации Российская Федерация
105 ## - ПОЛЕ КОДИРОВАННЫХ ДАННЫХ: ТЕКСТОВЫЕ МАТЕРИАЛЫ, МОНОГРАФИЧЕСКИЕ
Кодированные данные о монографическом текстовом документе y z |||||
200 1# - ЗАГЛАВИЕ И СВЕДЕНИЯ ОБ ОТВЕТСТВЕННОСТИ
Основное заглавие Проблема защиты мира и международной безопасности
Первые сведения об ответственности И. Тайгин
210 ## - ПУБЛИКАЦИЯ, РАСПРОСТРАНЕНИЕ И ДР.
Место издания, распространения и т.д. [Москва]
Имя издателя, распространителя и т. д. Военмориздат
Дата издания, распространения и т.д. [1944]
Имя изготовителя 1-я типо-литогр. УВМИ
215 ## - ФИЗИЧЕСКАЯ ХАРАКТЕРИСТИКА
Специфическое обозначение материала и объем 18 с., [2] с. "Для заметок"
Размеры 19 см
225 1# - СЕРИЯ
Основное заглавие серии В помощь политработнику
Сведения об ответственности Гл. полит. упр. ВМФ
300 ## - ОБЩИЕ ПРИМЕЧАНИЯ
Текст примечания Перепеч. из журн. "Большевик", № 2, 1944
300 ## - ОБЩИЕ ПРИМЕЧАНИЯ
Текст примечания Псевд. раскрыт по изд.: Международные отношения. Политика. Дипломатия. Москва, 1964
300 ## - ОБЩИЕ ПРИМЕЧАНИЯ
Текст примечания Без обл. и тит. л.
700 #1 - ИМЯ ЛИЦА - ПЕРВИЧНАЯ ОТВЕТСТВЕННОСТЬ
Начальный элемент ввода Майский
Часть имени, кроме начального элемента ввода И. М.
Даты 1884-1975
Расширение инициалов личного имени Иван Михайлович
Идентификатор авторитетной/нормативной записи RU\NLR\AUTH\770128740
801 #0 - ИСТОЧНИК ЗАПИСИ
Страна Российская Федерация
Организация NLR
Правила каталогизации psbo
801 #1 - ИСТОЧНИК ЗАПИСИ
Страна Российская Федерация
Организация ELAR
Источник данных rusmarc
852 ## - МЕСТОНАХОЖДЕНИЕ И ШИФР ХРАНЕНИЯ
Идентификатор организации NLR
Шифр хранения (Call Number) И24 Г-4/112
942 ## - ДОПОЛНИТЕЛЬНЫЕ ЭЛЕМЕНТЫ ЗАПИСИ (АБИС)
Тип экземпляра АБИС Книга
945 ## - Информацию об издании предоставили:
Полное название организации, предоставившей материал Российская национальная библиотека
980 ## - КОЛЛЕКЦИЯ
Название коллекции Национальная библиография
980 ## - КОЛЛЕКЦИЯ
Название коллекции Библиография Победы

Нет доступных экземпляров.